00606nam a22001937a 450000500170000001000130001702000220003003500130005203700160006504000120008108200200009310000180011324501290013126000290026030000410028965000400033065000260037070000160039620170124110249.0 aA-248638 c00.00a0517288591 aA-248638 bCen Lib/Ret aDPLbEN a914.690444bGIB aGibbon, David aPortugal : ba picture book to remember her by designed David Gibbon ; produced Ted Smart /cby David Gibbon [and] Ted Smart aNew YorkbCrescentc1979 aVarious paging.c25cm(Hb)bcol. ill. aPortugal -- Descripciones y viajes. aPortugal -- Historia. aSmart, Ted